[Event "Athens AEK op 1st"]
[Site "Athens"]
[Date "2011.03.13"]
[Round "2.9"]
[White "Gialis, Pithagoras"]
[Black "Liris, Orestis"]
[Result "0-1"]
[WhiteElo "1005"]
[BlackElo "1532"]
[PlyCount "90"]
[EventDate "2011.03.12"]
[EventType "swiss"]
[EventRounds "5"]
[EventCountry "GRE"]
[SourceTitle "EXT 2024"]
[Source "ChessBase"]
[SourceDate "2023.10.10"]
[SourceVersion "1"]
[SourceVersionDate "2023.10.10"]
[SourceQuality "1"]

1. e4 c5 2. Nf3 Nc6 3. d4 cxd4 4. Nxd4 e5 5. Nxc6 bxc6 6. Nc3 g6 7. Bc4 Bg7 8. 0-0 Ne7 9. Bg5 0-0 10. Qd6 Nf5 11. exf5 Qxg5 12. fxg6 hxg6 13. Ne4 Qf4 14. Bd3 Rd8 15. Qc7 Ba6 16. Bxa6 Qxe4 17. Bb7 Rab8 18. c3 Qe2 19. Qa5 Re8 20. Ba6 Qxb2 21. Qc7 Qxc3 22. Qxd7 e4 23. Rac1 Qa3 24. Bc4 Re7 25. Qxc6 Rb6 26. Qc8+ Kh7 27. Qh3+ Qxh3 28. gxh3 Rb4 29. f3 Bd4+ 30. Kh1 Rc7 31. Be2 Rxc1 32. Rxc1 Rb2 33. Bc4 exf3 34. Bxf7 Be5 35. Rc8 Rxh2+ 36. Kg1 Rg2+ 37. Kf1 Bd4 38. Bg8+ Kh6 39. Ke1 Rg1+ 40. Kd2 f2 41. Rc7 f1Q 42. Rh7+ Kg5 43. h4+ Kg4 44. Be6+ Kg3 45. Bd5 Qd1# 0-1